[Event "Gibtelecom Masters 8th"]
[Site "Gibraltar"]
[Date "2010.02.01"]
[Round "7.9"]
[White "Speelman, Jonathan"]
[Black "Fridman, Daniel"]
[Result "1/2-1/2"]
[WhiteElo "2535"]
[BlackElo "2654"]
[PlyCount "60"]
[EventDate "2010.01.26"]
[EventType "swiss"]
[EventRounds "10"]
[EventCountry "GGB"]
[SourceDate "2005.02.07"]

1. d4 d5 2. Nf3 Nf6 3. c4 c6 4. Nc3 e6 5. e3 Nbd7 6. Qc2 Bd6 7. Bd3 O-O 8. O-dxc4 9. Bxc4 b5 10. Bd3 Bb7 11. Bd2 Rc8 12. Ng5 h6 13. Nge4 Be7 14. Nxf6+ Nxf6
15. Ne4 c5 16. Nxf6+ Bxf6 17. dxc5 Qd5 18. e4 Qd4 19. Be3 Qxb2 20. Qxb2 Bxb2
21. Rab1 Ba3 22. Rxb5 Ba6 23. Rb3 Bxd3 24. Rxd3 Bxc5 25. Rfd1 Bxe3 26. Rxe3 Rc7
27. g3 Rb8 28. Rd2 Rb4 29. Kg2 Ra4 30. a3 Kf8 1/2-1/2

[Event "Gibtelecom Masters 8th"]
[Site "Gibraltar"]
[Date "2010.02.01"]
[Round "7.10"]
[White "Guliyev, Namig"]
[Black "Koneru, Humpy"]
[Result "0-1"]
[WhiteElo "2516"]
[BlackElo "2614"]
[PlyCount "60"]
[EventDate "2010.01.26"]
[EventType "swiss"]
[EventRounds "10"]
[EventCountry "GGB"]
[SourceDate "2005.02.07"]

1. e4 c5 2. Nf3 e6 3. d4 cxd4 4. Nxd4 a6 5. Bd3 Bc5 6. Nb3 Be7 7. Be3 d6 8N1d2 Nf6 9. f4 Nc6 10. Qe2 Nb4 11. O-O O-O 12. a4 Bd7 13. a5 Rc8 14. Bb6 Qe8
15. Nf3 Bb5 16. Nfd4 Bxd3 17. cxd3 Nd7 18. Rfc1 Nxb6 19. axb6 Nc6 20. Qe3 Bd8
21. Ne2 Ne7 22. Na5 Rxc1+ 23. Rxc1 Qb5 24. Nc4 d5 25. Nd4 Qb4 26. Nc2 Qb3 27Nd4 Qa4 28. exd5 exd5 29. Nd6 Qd7 30. Qe5 Bxb6 0-1

[Event "Gibtelecom Masters 8th"]
[Site "Gibraltar"]
[Date "2010.02.01"]
[Round "7.11"]
[White "Felgaer, Ruben"]
[Black "Javakhishvili, Lela"]
[Result "1/2-1/2"]
[WhiteElo "2591"]
[BlackElo "2493"]
[PlyCount "99"]
[EventDate "2010.01.26"]
[EventType "swiss"]
[EventRounds "10"]
[EventCountry "GGB"]
[SourceDate "2005.02.07"]

1. e4 c5 2. Nf3 e6 3. d4 cxd4 4. Nxd4 a6 5. Nc3 d6 6. g3 Bd7 7. Bg2 Nc6 8. O-Be7 9. a4 Nf6 10. Nb3 Ne5 11. Bf4 Qc7 12. Nd2 O-O 13. a5 b5 14. axb6 Qxb6 15b3 Qc7 16. Na4 Rfc8 17. c4 Bxa4 18. Rxa4 Nfd7 19. Ra1 Nc5 20. Be3 a5 21. Bd4
Nc6 22. Bc3 Rab8 23. Ra3 Qd8 24. f4 Bf6 25. e5 dxe5 26. Bxc6 Rxc6 27. fxe5 Bg5
28. Qf3 Rc7 29. Bxa5 Qd4+ 30. Kg2 Rd7 31. Bc3 Qd3 32. Qxd3 Rxd3 33. Nf3 Rxc3
34. Nxg5 Rcxb3 35. Ra7 Rb2+ 36. Kh3 h6 37. Rfxf7 hxg5 38. Rxg7+ Kh8 39. Rh7+
Kg8 40. Rag7+ Kf8 41. Rc7 Kg8 42. Rhg7+ Kh8 43. Rh7+ Kg8 44. Kg4 R8b7 45. Kxg5
Rxc7 46. Rxc7 Nd3 47. Kf6 Rxh2 48. Rc8+ Kh7 49. Kxe6 Rh5 50. c5 1/2-1/2

[Event "Gibtelecom Masters 8th"]
[Site "Gibraltar"]
[Date "2010.02.01"]
[Round "7.12"]
[White "Hoffmann, Michael"]
[Black "Gopal, Geetha Narayanan"]
[Result "1/2-1/2"]
[WhiteElo "2508"]
[BlackElo "2584"]
[PlyCount "34"]
[EventDate "2010.01.26"]
[EventType "swiss"]
[EventRounds "10"]
[EventCountry "GGB"]
[SourceDate "2005.02.07"]

1. d4 Nf6 2. c4 c5 3. Nf3 cxd4 4. Nxd4 e6 5. g3 a6 6. Bg2 Qc7 7. O-O Qxc4 8Nc3 Nc6 9. Nb3 d5 10. Bf4 Be7 11. a3 a5 12. Rc1 Qa6 13. a4 O-O 14. Nb5 Qb6 15Bc7 Qa6 16. Bf4 Qb6 17. Bc7 Qa6 1/2-1/2

[Event "Gibtelecom Masters 8th"]
[Site "Gibraltar"]
[Date "2010.02.01"]
[Round "7.13"]
[White "Harika, Dronavalli"]
[Black "Halkias, Stelios"]
[Result "0-1"]
[WhiteElo "2471"]
[BlackElo "2566"]
[PlyCount "56"]
[EventDate "2010.01.26"]
[EventType "swiss"]
[EventRounds "10"]
[EventCountry "GGB"]
[SourceDate "2005.02.07"]

1. c4 e6 2. Nc3 d5 3. d4 c5 4. cxd5 exd5 5. Nf3 Nc6 6. g3 Nf6 7. Bg2 Be7 8. O-O-O 9. Bg5 c4 10. Ne5 Be6 11. b3 Qa5 12. Qd2 Rad8 13. Rfd1 Nxe5 14. dxe5 d4 15exf6 dxc3 16. Qc2 Rxd1+ 17. Rxd1 cxb3 18. axb3 Bxf6 19. Bxf6 gxf6 20. Rc1 Rd8
21. h4 Qc5 22. Kh2 Rc8 23. Bxb7 Qxf2+ 24. Kh1 Rb8 25. Qe4 Kh8 26. Rg1 c2 27Rc1 Qxg3 28. Qd4 Qh3+ 0-1

[Event "Gibtelecom Masters 8th"]
[Site "Gibraltar"]
[Date "2010.02.01"]
[Round "7.14"]
[White "Lenderman, Alex"]
[Black "Cori Tello, Jorge"]
[Result "1-0"]
[WhiteElo "2560"]
[BlackElo "2483"]
[PlyCount "111"]
[EventDate "2010.01.26"]
[EventType "swiss"]
[EventRounds "10"]
[EventCountry "GGB"]
[SourceDate "2005.02.07"]

1. d4 Nf6 2. Nf3 d5 3. c4 c6 4. Nc3 e6 5. g3 Nbd7 6. Bg2 Be7 7. O-O O-O 8. Qd3
b6 9. cxd5 exd5 10. Bf4 Re8 11. a3 a5 12. Qc2 Bb7 13. Rfd1 Nf8 14. Rac1 Ng6 15Bg5 Nd7 16. h4 Bxg5 17. Nxg5 h6 18. Nf3 Nf6 19. e3 Ba6 20. Ne1 Qd7 21. Bf3 Rac8
22. h5 Nf8 23. Nd3 Bxd3 24. Rxd3 Qf5 25. Qe2 b5 26. Bg2 Ne6 27. Rd2 a4 28. Qf3
Qxf3 29. Bxf3 Nd7 30. e4 Nb6 31. exd5 cxd5 32. Rdd1 Nc4 33. Nxd5 Ng5 34. Bg4
Rcd8 35. Nc7 Re4 36. f3 Re2 37. f4 Re3 38. Rc3 Rxc3 39. bxc3 Ne4 40. Nxb5 Nxg3
41. Re1 Rb8 42. Kg2 Rxb5 43. Kxg3 Nd6 44. Kh4 Rb3 45. c4 Nxc4 46. Re8+ Kh7 47Bf5+ g6 48. hxg6+ Kg7 49. gxf7 Kxf7 50. Ra8 Nd6 51. Bg4 Rxa3 52. Ra7+ Kf8 53Be6 Rd3 54. f5 Rxd4+ 55. Kh5 Rd1 56. f6 1-0

[Event "Gibtelecom Masters 8th"]
[Site "Gibraltar"]
[Date "2010.02.01"]
[Round "7.15"]
[White "Edouard, Romain"]
[Black "Sarkar, Justin"]
[Result "1-0"]
[WhiteElo "2608"]
[BlackElo "2378"]
[PlyCount "41"]
[EventDate "2010.01.26"]
[EventType "swiss"]
[EventRounds "10"]
[EventCountry "GGB"]
[SourceDate "2005.02.07"]

1. e4 e6 2. d4 d5 3. Nc3 Nf6 4. Bg5 dxe4 5. Nxe4 Be7 6. Bxf6 gxf6 7. Qd2 a6 8g3 Bd7 9. Bg2 Bc6 10. f4 Qd5 11. Nxf6+ Bxf6 12. Bxd5 Bxd5 13. Nf3 Bxf3 14. Rf1
Bc6 15. f5 e5 16. Qe2 O-O 17. dxe5 Bxe5 18. f6 Bxf6 19. Qg4+ Bg7 20. O-O-O f5
21. Rxf5 1-0

[Event "Gibtelecom Masters 8th"]
[Site "Gibraltar"]
[Date "2010.02.01"]
[Round "7.16"]
[White "Battaglini, Gabriel"]
[Black "Istratescu, Andrei"]
[Result "0-1"]
[WhiteElo "2411"]
[BlackElo "2607"]
[PlyCount "66"]
[EventDate "2010.01.26"]
[EventType "swiss"]
[EventRounds "10"]
[EventCountry "GGB"]
[SourceDate "2005.02.07"]

1. d4 g6 2. c4 Bg7 3. Nc3 c5 4. d5 Bxc3+ 5. bxc3 f5 6. f3 d6 7. e4 fxe4 8. fxe4
e5 9. Nf3 Nd7 10. Bd3 Ndf6 11. O-O Kf8 12. Nh4 Kg7 13. Qf3 Qe7 14. Rb1 Rb8 15Rb2 Bd7 16. Rbf2 Rf8 17. Bg5 h6 18. Bd2 Qe8 19. g3 Ne7 20. Qxf6+ Rxf6 21. Rxf6
g5 22. Ng2 Ng6 23. R6f2 Rf8 24. Rxf8 Nxf8 25. Ne3 Nh7 26. Rb1 b6 27. a4 Qc8 28a5 bxa5 29. Nc2 Nf6 30. Na3 a4 31. Bc2 a6 32. Bd3 Be8 33. Rb6 Qg4 0-1

[Event "Gibtelecom Masters 8th"]
[Site "Gibraltar"]
[Date "2010.02.01"]
[Round "7.17"]
[White "Lopez Martinez, Josep Manu"]
[Black "Zaremba, Andrie"]
[Result "1-0"]
[WhiteElo "2593"]
[BlackElo "2360"]
[PlyCount "63"]
[EventDate "2010.01.26"]
[EventType "swiss"]
[EventRounds "10"]
[EventCountry "GGB"]
[SourceDate "2005.02.07"]

1. e4 c6 2. d4 d5 3. e5 Bf5 4. Nd2 e6 5. Nb3 Nd7 6. Nf3 Ne7 7. Be2 Bg4 8. O-Nf5 9. Ne1 Bxe2 10. Qxe2 h5 11. c3 Be7 12. g3 Qc7 13. Nf3 c5 14. Bg5 Bxg5 15Nxg5 c4 16. Nd2 b5 17. b3 b4 18. Qf3 Qd8 19. h4 bxc3 20. Qxc3 cxb3 21. axb3 O-22. Qf3 g6 23. Qf4 Qb6 24. Ngf3 Kg7 25. Ra4 Nb8 26. Rfa1 Nc6 27. Kg2 a5 28. Rc1
Nb4 29. Qg5 Nxd4 30. Qe3 Nxf3 31. Qxb6 Nxd2 32. Qe3 1-0

[Event "Gibtelecom Masters 8th"]
[Site "Gibraltar"]
[Date "2010.02.01"]
[Round "7.18"]
[White "Saravanan, Venkat"]
[Black "Lemos, Damian"]
[Result "0-1"]
[WhiteElo "2356"]
[BlackElo "2556"]
[PlyCount "78"]
[EventDate "2010.01.26"]
[EventType "swiss"]
[EventRounds "10"]
[EventCountry "GGB"]
[SourceDate "2005.02.07"]

1. Nf3 Nf6 2. c4 c6 3. d4 d5 4. e3 a6 5. Bd3 Bg4 6. Qb3 Bxf3 7. gxf3 Qc7 8. Nc3
dxc4 9. Bxc4 e6 10. e4 b5 11. Be2 c5 12. dxc5 Bxc5 13. Be3 O-O 14. f4 Bxe3 15fxe3 e5 16. O-O Nbd7 17. Rad1 Qa7 18. Nd5 exf4 19. Rxf4 Rae8 20. Rd4 Re5 21Qc3 Nxd5 22. Rxd5 Rfe8 23. Rxe5 Nxe5 24. Kf2 Qd7 25. Qd4 Qh3 26. Kg1 h6 27. Bf1
Qe6 28. a4 Ng6 29. Rf2 Qxe4 30. Qa7 Ne5 31. Bg2 Qxa4 32. h3 Qd1+ 33. Kh2 Qd6
34. Kg1 g6 35. Qb7 Re7 36. Qc8+ Kg7 37. Qc3 Rc7 38. Rd2 Rxc3 39. Rxd6 Rxe3 0-1

[Event "Gibtelecom Masters 8th"]
[Site "Gibraltar"]
[Date "2010.02.01"]
[Round "7.19"]
[White "Lovik, Lasse Ostebo"]
[Black "Kosteniuk, Alexandra"]
[Result "1/2-1/2"]
[WhiteElo "2343"]
[BlackElo "2523"]
[PlyCount "64"]
[EventDate "2010.01.26"]
[EventType "swiss"]
[EventRounds "10"]
[EventCountry "GGB"]
[SourceDate "2005.02.07"]

1. e4 c5 2. Nf3 d6 3. d4 cxd4 4. Nxd4 Nf6 5. Nc3 Nc6 6. Bg5 e6 7. Qd2 a6 8O-O-O Bd7 9. f3 Be7 10. Kb1 Qc7 11. g4 b5 12. Nxc6 Bxc6 13. Bd3 h6 14. Be3 Nd7
15. Ne2 d5 16. Bf4 e5 17. Bg3 Qb7 18. exd5 Bxd5 19. Bf5 Nb6 20. Bxe5 O-O 21Rhg1 Rfd8 22. Qc1 Nc4 23. Bxg7 Kxg7 24. g5 hxg5 25. Rxg5+ Bxg5 26. Qxg5+ Kf8
27. Nf4 Rd6 28. Qh4 Qc6 29. Qh8+ Ke7 30. Qh4+ Kf8 31. Qh8+ Ke7 32. Qh4+ Kf8
1/2-1/2

[Event "Gibtelecom Masters 8th"]
[Site "Gibraltar"]
[Date "2010.02.01"]
[Round "7.20"]
[White "Bindrich, Falko"]
[Black "Reizniece, Dana"]
[Result "1-0"]
[WhiteElo "2512"]
[BlackElo "2341"]
[PlyCount "115"]
[EventDate "2010.01.26"]
[EventType "swiss"]
[EventRounds "10"]
[EventCountry "GGB"]
[SourceDate "2005.02.07"]

1. d4 Nf6 2. c4 g6 3. Nc3 Bg7 4. Nf3 O-O 5. Bg5 h6 6. Bh4 d6 7. e3 c6 8. Be2
Nbd7 9. O-O g5 10. Bg3 Nh5 11. Nd2 Nxg3 12. hxg3 f5 13. g4 fxg4 14. Bxg4 Nf6
15. Bxc8 Qxc8 16. Qe2 Qg4 17. f3 Qd7 18. Nde4 Rf7 19. g4 Raf8 20. Kg2 Ne8 21Rf2 Nc7 22. Rh1 d5 23. Nc5 Qc8 24. cxd5 cxd5 25. a4 b6 26. Nd3 Ne6 27. Nxd5 Qc4
28. Nc3 Qb3 29. Nc1 Qb4 30. Qb5 Qd6 31. Qd5 Qxd5 32. Nxd5 Rd8 33. Nc3 Nf8 34Nd3 Ng6 35. Kg3 e6 36. Rc1 Rc7 37. Rff1 Bf8 38. Kf2 Bg7 39. Ke2 Rf7 40. Ne4 Ne7
41. b4 Ng6 42. Rc6 Re7 43. b5 Kf7 44. Rfc1 Red7 45. Rc7 Ne7 46. Nb4 Bf6 47. Nc6
Nxc6 48. Rxd7+ Rxd7 49. bxc6 Rc7 50. Nd6+ Ke7 51. Nb5 Rc8 52. Nxa7 Rc7 53. Nb5
Rc8 54. e4 Bg7 55. Kd3 Bf6 56. e5 Bg7 57. c7 Kd7 58. Nd6 1-0

[Event "Gibtelecom Masters 8th"]
[Site "Gibraltar"]
[Date "2010.02.01"]
[Round "7.21"]
[White "Peek, Marcel"]
[Black "Kapnisis, Spyridon"]
[Result "0-1"]
[WhiteElo "2342"]
[BlackElo "2510"]
[PlyCount "74"]
[EventDate "2010.01.26"]
[EventType "swiss"]
[EventRounds "10"]
[EventCountry "GGB"]
[SourceDate "2005.02.07"]

1. d4 Nf6 2. c4 g6 3. Nc3 Bg7 4. e4 d6 5. Nf3 O-O 6. Be2 e5 7. O-O Nc6 8. d5
Ne7 9. b4 a5 10. Ba3 b6 11. bxa5 Nh5 12. Nb5 Rxa5 13. Bb4 Ra6 14. a4 Nf4 15Nd2 f5 16. Re1 Nxe2+ 17. Qxe2 g5 18. a5 bxa5 19. Rxa5 Ng6 20. g3 f4 21. Rxa6
Bxa6 22. Ra1 Bc8 23. Ra7 f3 24. Qd3 Qd7 25. Rxc7 Qh3 26. Qf1 Qh5 27. Rxc8 Rxc8
28. Nxd6 Ra8 29. Nf5 Nf4 30. d6 Bf6 31. c5 Qh3 32. gxf4 Ra1 33. Ne3 Rxf1+ 34Ndxf1 gxf4 35. c6 fxe3 36. Nxe3 Bg5 37. d7 Kf7 0-1

[Event "Gibtelecom Masters 8th"]
[Site "Gibraltar"]
[Date "2010.02.01"]
[Round "7.22"]
[White "Sedina, Elena"]
[Black "Dzagnidze, Nana"]
[Result "1/2-1/2"]
[WhiteElo "2335"]
[BlackElo "2506"]
[PlyCount "228"]
[EventDate "2010.01.26"]
[EventType "swiss"]
[EventRounds "10"]
[EventCountry "GGB"]
[SourceDate "2005.02.07"]

1. e4 c5 2. Nf3 d6 3. Bb5+ Nc6 4. O-O Bg4 5. c3 e5 6. d4 Bxf3 7. Qxf3 cxd4 8cxd4 exd4 9. Na3 Be7 10. Nc4 Kf8 11. Bxc6 bxc6 12. Bf4 Nf6 13. e5 dxe5 14. Nxe5
c5 15. Rfe1 Qd5 16. Nd7+ Qxd7 17. Qxa8+ Bd8 18. Qb8 g5 19. Bxg5 Kg7 20. Qg3 Nh5
21. Qh4 f6 22. Qxh5 fxg5 23. Rad1 Bc7 24. Qe2 Rd8 25. Qd3 Qd5 26. b3 Be5 27Qe4 Qxe4 28. Rxe4 Kf6 29. g3 Kf5 30. Rde1 Rd5 31. f3 a5 32. Kf1 h5 33. Ke2 h4
34. g4+ Kf6 35. h3 d3+ 36. Kd1 d2 37. R1e2 Bf4 38. Rxf4+ gxf4 39. Rxd2 Re5 40Rd3 Ke6 41. Kd2 Ke7 42. Rc3 Rd5+ 43. Ke2 Re5+ 44. Kf1 Rd5 45. Rc4 Rd2 46. Ra4
Rh2 47. Kg1 Rxh3 48. Rxf4 Rg3+ 49. Kf2 Rh3 50. Kg2 Rg3+ 51. Kf2 Rh3 52. Ra4
Rh2+ 53. Ke3 h3 54. Rxa5 Rc2 55. Ra7+ Kf6 56. Rh7 h2 57. a4 Kg6 58. Rh5 Rb2 59Kf4 Rxb3 60. Rxh2 Rb4+ 61. Kg3 Rxa4 62. Rc2 c4 63. Rc3 Rb4 64. Kf4 Kf6 65. Ke4
Kg5 66. Ke5 Rb3 67. Kd4 Rb8 68. Rxc4 Kf4 69. Rc3 Rd8+ 70. Kc4 Re8 71. Kd5 Re1
72. Kd6 Re2 73. Kd7 Re1 74. Rd3 Re2 75. Kc6 Re1 76. Kc5 Re2 77. Kb4 Re1 78. Kb3
Re2 79. Kc3 Re1 80. Kd2 Re8 81. Ra3 Re7 82. Kc2 Rd7 83. Rc3 Rd8 84. Rd3 Re8 85Kd2 Re7 86. Kc1 Re8 87. Kb2 Rc8 88. Kb3 Rc7 89. Rc3 Rd7 90. Kc4 Rd8 91. Rd3
Rc8+ 92. Kb5 Rc7 93. Ka4 Rc8 94. Kb3 Rc7 95. Rc3 Rd7 96. Kc2 Rd8 97. Rd3 Rc8+
98. Kd1 Re8 99. Kd2 Re7 100. g5 Kxg5 101. Rd4 Kf5 102. Kd3 Re8 103. Rd7 Re1
104. Rf7+ Kg5 105. Kd4 Re2 106. Rg7+ Kf4 107. Rf7+ Kg5 108. Rf8 Re1 109. Kd5
Re2 110. f4+ Kg6 111. Kd6 Re1 112. Kd7 Rd1+ 113. Ke6 Re1+ 114. Kd5 Re2 1/2-1/2

[Event "Gibtelecom Masters 8th"]
[Site "Gibraltar"]
[Date "2010.02.01"]
[Round "7.23"]
[White "Kantans, Toms"]
[Black "Shankland, Samuel L"]
[Result "0-1"]
[WhiteElo "2303"]
[BlackElo "2491"]
[PlyCount "76"]
[EventDate "2010.01.26"]
[EventType "swiss"]
[EventRounds "10"]
[EventCountry "GGB"]
[SourceDate "2005.02.07"]

1. e4 c5 2. c3 Nf6 3. e5 Nd5 4. Bc4 Nb6 5. Bb3 c4 6. Bc2 Nc6 7. Nf3 Qc7 8. Qe2
g5 9. O-O g4 10. Nd4 Qxe5 11. Qxg4 h5 12. Nxc6 Qxh2+ 13. Kxh2 hxg4+ 14. Kg1
bxc6 15. d3 d5 16. dxc4 Nxc4 17. Re1 Bh6 18. Bxh6 Rxh6 19. b3 Nd6 20. Nd2 Bf5
21. Bxf5 Nxf5 22. Nf1 Kd7 23. Rad1 Rah8 24. g3 e6 25. Kg2 Nd6 26. Rd4 f5 27Ra4 Ra8 28. c4 Ne4 29. cxd5 cxd5 30. f3 gxf3+ 31. Kxf3 Rh1 32. Kg2 Rhh8 33. Kf3
Rhc8 34. Ne3 Rc3 35. Rh1 Kd6 36. Rh6 a5 37. Kf4 Nxg3 38. Kf3 Nf1 0-1

[Event "Gibtelecom Masters 8th"]
[Site "Gibraltar"]
[Date "2010.02.01"]
[Round "7.24"]
[White "Carlsson, Pontus"]
[Black "Avalos Parra, Joao"]
[Result "1-0"]
[WhiteElo "2476"]
[BlackElo "2245"]
[PlyCount "55"]
[EventDate "2010.01.26"]
[EventType "swiss"]
[EventRounds "10"]
[EventCountry "GGB"]
[SourceDate "2005.02.07"]

1. e4 e6 2. d4 d5 3. Nd2 Nc6 4. Ngf3 Nf6 5. e5 Nd7 6. Bb5 a6 7. Ba4 b5 8. Bb3
Na5 9. c3 Nxb3 10. Nxb3 c5 11. dxc5 Nxc5 12. O-O Qc7 13. Nxc5 Bxc5 14. Re1 h6
15. Be3 Be7 16. a4 b4 17. cxb4 Bxb4 18. Bd2 Rb8 19. Nd4 Bd7 20. Nb5 Bxb5 21Bxb4 Bd7 22. Bd6 Qb7 23. Qg4 g6 24. Qf4 f5 25. Qh4 g5 26. Qh5+ Kd8 27. Qf7 Re8
28. Rec1 1-0

[Event "Gibtelecom Masters 8th"]
[Site "Gibraltar"]
[Date "2010.02.01"]
[Round "7.25"]
[White "Kozlov, Oleg"]
[Black "Boskovic, Drasko"]
[Result "0-1"]
[WhiteElo "2279"]
[BlackElo "2454"]
[PlyCount "90"]
[EventDate "2010.01.26"]
[EventType "swiss"]
[EventRounds "10"]
[EventCountry "GGB"]
[SourceDate "2005.02.07"]

1. Nf3 c5 2. g3 Nc6 3. Bg2 g6 4. c4 Bg7 5. Nc3 Nh6 6. a3 Nf5 7. Rb1 O-O 8. O-d6 9. d3 Qd7 10. Bd2 b6 11. Qc1 Bb7 12. b4 Rac8 13. Re1 Rfd8 14. Bh3 e6 15bxc5 dxc5 16. Bg2 Nfd4 17. Nxd4 cxd4 18. Ne4 f5 19. Ng5 h6 20. Nf3 Kh7 21. a4
e5 22. a5 e4 23. Nh4 Nxa5 24. Bxa5 bxa5 25. f3 exd3 26. exd3 Re8 27. f4 Bxg2
28. Kxg2 a4 29. Nf3 Rxe1 30. Qxe1 Re8 31. Qd1 Qc6 32. Rb5 Re3 33. Kf2 a3 34Ra5 Qb6 35. Rb5 Qa6 36. Rb3 a2 37. Qa1 Qc6 38. Ng1 Qa4 39. Rb2 Qa3 40. Qxa2
Qxd3 41. Rd2 Qe4 42. Qxa7 Re1 43. Re2 Rxe2+ 44. Nxe2 d3 45. Qe3 Qxc4 0-1

[Event "Gibtelecom Masters 8th"]
[Site "Gibraltar"]
[Date "2010.02.01"]
[Round "7.26"]
[White "Vernay, Clovis"]
[Black "Ivanov, Stojan Emilov"]
[Result "1-0"]
[WhiteElo "2442"]
[BlackElo "2198"]
[PlyCount "87"]
[EventDate "2010.01.26"]
[EventType "swiss"]
[EventRounds "10"]
[EventCountry "GGB"]
[SourceDate "2005.02.07"]

1. d4 d5 2. c4 dxc4 3. e3 Nf6 4. Bxc4 e6 5. Nf3 c5 6. O-O a6 7. dxc5 Qxd1 8Rxd1 Bxc5 9. a3 Nbd7 10. b4 Be7 11. Bb2 O-O 12. Nd4 Nb6 13. Bb3 Bd7 14. Nc3 a5
15. Nc2 Rfc8 16. f3 Nc4 17. Bxc4 Rxc4 18. e4 Rac8 19. e5 Nd5 20. Nxd5 exd5 21Ne3 Be6 22. Nxc4 Rxc4 23. bxa5 Bd8 24. Rac1 Bxa5 25. Rxc4 dxc4 26. Bc3 Bc7 27Rb1 Bd5 28. Kf2 Kf8 29. Ke3 Ke7 30. g4 g6 31. f4 Kd7 32. f5 Kc6 33. a4 Bd8 34a5 Bg5+ 35. Kd4 Bf3 36. f6 Bxg4 37. Rg1 h5 38. h3 Bh4 39. hxg4 Bf2+ 40. Kxc4
Bxg1 41. gxh5 gxh5 42. e6 fxe6 43. f7 Bc5 44. Bb4 1-0

[Event "Gibtelecom Masters 8th"]
[Site "Gibraltar"]
[Date "2010.02.01"]
[Round "7.27"]
[White "Tate, Alan"]
[Black "Bellon Lopez, Juan Manuel"]
[Result "1-0"]
[WhiteElo "2211"]
[BlackElo "2440"]
[PlyCount "103"]
[EventDate "2010.01.26"]
[EventType "swiss"]
[EventRounds "10"]
[EventCountry "GGB"]
[SourceDate "2005.02.07"]

1. e4 c5 2. Nf3 e6 3. d4 cxd4 4. Nxd4 Nc6 5. Nc3 Qc7 6. Be3 a6 7. Qd2 Nf6 8O-O-O b5 9. Nxc6 Qxc6 10. f3 Bb4 11. Bd4 O-O 12. Kb1 Be7 13. g4 d6 14. g5 Nd7
15. h4 Ne5 16. Qg2 Bb7 17. a3 Nc4 18. Bxc4 Qxc4 19. Bf6 Qc7 20. h5 Rfc8 21Rdg1 Kh8 22. Bxe7 Qxe7 23. g6 Qf6 24. gxf7 Qxf7 25. h6 g6 26. Qd2 Qe7 27. Rd1
Rd8 28. Rh2 Rac8 29. Qe3 Rc4 30. Rhd2 e5 31. Rd3 b4 32. axb4 Rxb4 33. Qc5 Rd4
34. Rxd4 exd4 35. Qxd4+ Kg8 36. e5 Bxf3 37. exd6 Qf8 38. Qc4+ Kh8 39. Qd4+ Kg8
40. Rf1 Rxd6 41. Qc4+ Qf7 42. Qc8+ Qf8 43. Qc4+ Qf7 44. Qc8+ Qf8 45. Qxf8+ Kxf8
46. Rxf3+ Ke7 47. Ne4 Rd1+ 48. Ka2 Rg1 49. Rb3 Rg4 50. Rb7+ Ke6 51. Nc3 g5 52Rxh7 1-0

[Event "Gibtelecom Masters 8th"]
[Site "Gibraltar"]
[Date "2010.02.01"]
[Round "7.28"]
[White "Cori Tello, Deysi"]
[Black "Demac, Elias"]
[Result "1-0"]
[WhiteElo "2412"]
[BlackElo "2104"]
[PlyCount "67"]
[EventDate "2010.01.26"]
[EventType "swiss"]
[EventRounds "10"]
[EventCountry "GGB"]
[SourceDate "2005.02.07"]

1. d4 d5 2. c4 c6 3. Nf3 Nf6 4. Nc3 dxc4 5. a4 Bf5 6. Ne5 Nbd7 7. Nxc4 Nb6 8Nxb6 Qxb6 9. a5 Qc7 10. a6 b6 11. g3 Rd8 12. Bf4 Qd7 13. Bg2 e6 14. O-O Be7 15Qa4 b5 16. Qb3 O-O 17. e4 Bg6 18. d5 cxd5 19. exd5 b4 20. dxe6 Qxe6 21. Qxe6
fxe6 22. Nb5 Bd3 23. Nxa7 Bxf1 24. Kxf1 Bc5 25. Nc6 Rd7 26. Ra5 Ba7 27. Nxa7
Rxa7 28. Be3 Rff7 29. Bxa7 Rxa7 30. Ke2 Nd7 31. Bb7 Kf8 32. Kd3 Nb6 33. Kd4 Ke7
34. Kc5 1-0

[Event "Gibtelecom Masters 8th"]
[Site "Gibraltar"]
[Date "2010.02.01"]
[Round "7.29"]
[White "Getz, Nicolai"]
[Black "Siebrecht, Sebastian"]
[Result "0-1"]
[WhiteElo "2280"]
[BlackElo "2468"]
[PlyCount "60"]
[EventDate "2010.01.26"]
[EventType "swiss"]
[EventRounds "10"]
[EventCountry "GGB"]
[SourceDate "2005.02.07"]

1. e4 c5 2. c3 Nf6 3. e5 Nd5 4. Bc4 e6 5. d4 cxd4 6. cxd4 Nc6 7. Nf3 d6 8. O-Be7 9. Qe2 O-O 10. Bd2 Bd7 11. Nc3 Nxc3 12. Bxc3 d5 13. Bb3 Qb6 14. Rfc1 f5 15exf6 Rxf6 16. Ba4 Raf8 17. Rc2 Bd6 18. Re1 Rxf3 19. gxf3 Qd8 20. Bxc6 bxc6 21Qd3 Qh4 22. f4 Rxf4 23. f3 e5 24. Rce2 e4 25. fxe4 Rg4+ 26. Kh1 Rg3 27. Qc2 Bg4
28. Rf2 Bf3+ 29. Rxf3 Rxf3 30. e5 Rf2 0-1

[Event "Gibtelecom Masters 8th"]
[Site "Gibraltar"]
[Date "2010.02.01"]
[Round "7.30"]
[White "Zatonskih, Anna"]
[Black "Forsaa, Espen"]
[Result "1-0"]
[WhiteElo "2466"]
[BlackElo "2301"]
[PlyCount "41"]
[EventDate "2010.01.26"]
[EventType "swiss"]
[EventRounds "10"]
[EventCountry "GGB"]
[SourceDate "2005.02.07"]

1. d4 f5 2. Nc3 d5 3. Nf3 Nf6 4. Bf4 e6 5. e3 a6 6. Bd3 c5 7. dxc5 Bxc5 8. O-O-O 9. Ne2 Nc6 10. c4 Qe7 11. Ned4 Bd7 12. Rc1 Rac8 13. cxd5 Nxd5 14. Nxf5 exf5
15. Bc4 Be6 16. Bxd5 Nb4 17. Bg5 Qd7 18. Bb3 Kh8 19. Qxd7 Bxd7 20. Ne5 Bb5 21Rfd1 1-0

[Event "Gibtelecom Masters 8th"]
[Site "Gibraltar"]
[Date "2010.02.01"]
[Round "7.31"]
[White "Krush, Irina"]
[Black "Stephan, Axel"]
[Result "1-0"]
[WhiteElo "2455"]
[BlackElo "2252"]
[PlyCount "53"]
[EventDate "2010.01.26"]
[EventType "swiss"]
[EventRounds "10"]
[EventCountry "GGB"]
[SourceDate "2005.02.07"]

1. d4 Nf6 2. c4 g6 3. Nc3 d5 4. Bg5 Ne4 5. Bh4 Nxc3 6. bxc3 dxc4 7. e3 b5 8. a4
Bd7 9. axb5 Bxb5 10. Nf3 Bg7 11. Bxc4 Bxc4 12. Qa4+ Nd7 13. Qxc4 c5 14. O-cxd4 15. cxd4 O-O 16. Ra6 Nb6 17. Qc5 Re8 18. Rfa1 Qd7 19. h3 Nc8 20. Bg3 Bf8
21. Ne5 Qb7 22. Rc6 Qb2 23. Raa6 Bg7 24. Qd5 Qb1+ 25. Kh2 Bxe5 26. Bxe5 Nb6 27Rcxb6 1-0

[Event "Gibtelecom Masters 8th"]
[Site "Gibraltar"]
[Date "2010.02.01"]
[Round "7.32"]
[White "Hirneise, Tobias"]
[Black "Arvola, Benjamin"]
[Result "1-0"]
[WhiteElo "2421"]
[BlackElo "2218"]
[PlyCount "69"]
[EventDate "2010.01.26"]
[EventType "swiss"]
[EventRounds "10"]
[EventCountry "GGB"]
[SourceDate "2005.02.07"]

1. d4 Nf6 2. c4 g6 3. Nc3 Bg7 4. e4 d6 5. Nf3 O-O 6. Be2 e5 7. O-O Nc6 8. d5
Ne7 9. Ne1 Nd7 10. Nd3 f5 11. Bd2 Nf6 12. f3 f4 13. Rc1 g5 14. c5 Ng6 15. Nb5
Ne8 16. Qc2 Rf7 17. Nf2 Bf8 18. b4 h5 19. a4 Rg7 20. cxd6 cxd6 21. Nxa7 Rc7 22Nc6 bxc6 23. dxc6 g4 24. fxg4 hxg4 25. Bxg4 Qh4 26. Qb3+ Kh8 27. Bxc8 Raxc8 28b5 Rh7 29. h3 Ne7 30. a5 Rg7 31. Ng4 Nc7 32. b6 Na6 33. c7 Ng6 34. Qe6 Qg3 35Rf3 1-0

[Event "Gibtelecom Masters 8th"]
[Site "Gibraltar"]
[Date "2010.02.01"]
[Round "7.33"]
[White "Karavade, Eesha"]
[Black "Tscharotschkin, Michael"]
[Result "1/2-1/2"]
[WhiteElo "2405"]
[BlackElo "2211"]
[PlyCount "64"]
[EventDate "2010.01.26"]
[EventType "swiss"]
[EventRounds "10"]
[EventCountry "GGB"]
[SourceDate "2005.02.07"]

1. d4 d5 2. c4 c6 3. Nc3 Nf6 4. e3 Bf5 5. cxd5 cxd5 6. Qb3 Qd7 7. Nf3 e6 8. Bb5
Nc6 9. Ne5 Qc7 10. Qa4 Rc8 11. Qxa7 Bd6 12. Nxc6 bxc6 13. Qxc7 Rxc7 14. Be2 O-15. f3 e5 16. Kf2 Ra8 17. b3 Rb7 18. Na4 Nd7 19. Bd2 Ba3 20. Bc3 f6 21. Rhd1
Kf7 22. Rd2 Be6 23. Rad1 c5 24. dxc5 Nxc5 25. Nxc5 Bxc5 26. Rxd5 Bxd5 27. Rxd5
Ba3 28. Bc4 Ke7 29. Ke2 Raa7 30. Be1 Rd7 31. Rb5 Rdb7 32. Rd5 Rd7 1/2-1/2